| 000 | 02325nam a2200397 a 4500 | ||
|---|---|---|---|
| 003 | BLK | ||
| 005 | 20240124160215.0 | ||
| 008 | 180412b bul|||||r ||||||| ||bul|| | ||
| 010 | _aKNG00005750000 | ||
| 020 | _a954-8492-04-0 | ||
| 040 | _aBLK | ||
| 041 |
_aBUL _cBUL |
||
| 080 |
_aИнтелектуална собственост (право) _b347.77/.78 _x(094.2) _z347.77/.78(094.2) |
||
| 100 | 1 |
_aКараянев, Павел Такев _eпърви автор _976995 |
|
| 139 |
_aКараянев, Павел Такев _bК 38 |
||
| 245 | 1 | 0 |
_aМеждународни конвенции за интелектуална собственост _bКн. 1 - _cПавел Такев Караянев. _nКн. 1 _pСобственост върху литературни и художествени произведения и техните изпълнения |
| 257 | _aBGR | ||
| 260 |
_aСофия _bИнформа интелект _c1994 - _9212105 _n954-8492- |
||
| 300 |
_a296 с. _bс табл. _c21 см |
||
| 380 | _a3 | ||
| 490 | _aБиблиотека Интелектуална собственост | ||
| 500 | _aОфс. изд | ||
| 650 | 4 |
_aАвторско право - международни конвенции _9248902 |
|
| 650 | 4 |
_aПатентно дело - международни конвенции _9248903 |
|
| 653 | _aавторско право | ||
| 653 | _aконвенции | ||
| 653 | _aинтелектуална собственост | ||
| 760 | 1 |
_aКараянев, Павел Такев _dИнформа-Интелект, 1994 _h296 с. : с табл. _nСъдържа и Класове за определяне на държавите-членки на СОИС, на Парижкия съюз или на Бернския съюз, Наименовиние на компетентните държавни организации по въпросите на авторското право _tКн. 1 Собственост върху литературни и художествени произведения и техните изпълнения |
|
| 852 |
_aЦб 179347 _bЦб |
||
| 856 | 4 |
_qpdf _u |
|
| 856 | 4 |
_qpdf _u |
|
| 942 |
_cKNG _n0 |
||
| 944 |
_aCR _c15.01.2003 _k30534 _lРадостина Карадакова |
||
| 944 |
_aED _c20.06.2005 |
||
| 999 |
_c4600 _d4600 |
||
| 999 | _d4600 | ||